Military operations, Togoland and the Cameroons, 1914-1916, (Record no. 552452)

000 -LEADER
fixed length control field 00862cam a22001811 4500
082 ## - DEWEY DECIMAL CLASSIFICATION NUMBER
Classification number 940.4
Author Mark MIL
-- D
100 1# - MAIN ENTRY--PERSONAL NAME
Personal name Moberly, F. J.
9 (RLIN) 49412
245 10 - TITLE STATEMENT
Title Military operations, Togoland and the Cameroons, 1914-1916,
Statement of responsibility, etc. compiled, by arrangement with the Colonial office, under the direction of the Historical section of the committee of imperial defence, by Brig.-General F. J. Moberly.
260 ## - PUBLICATION, DISTRIBUTION, ETC.
Place of publication, distribution, etc. London,
Name of publisher, distributor, etc. H.M. Stationery office,
Date of publication, distribution, etc. 1931.
300 ## - PHYSICAL DESCRIPTION
Extent xxv, 469 p.
Other physical details front., illus. (plan) plates, port., fold. maps.
Dimensions 23 cm.
490 0# - SERIES STATEMENT
Series statement History of the great war based on official documents.
500 ## - GENERAL NOTE
General note Part of the folded maps are in pocket.
526 ## - STUDY PROGRAM INFORMATION NOTE
Program name 0
Interest level 0
Reading level 0
Title point value 940_400000000000000_MIL
650 #0 - SUBJECT ADDED ENTRY--TOPICAL TERM
Topical term or geographic name entry element MCE
9 (RLIN) 379
650 #0 - SUBJECT ADDED ENTRY--TOPICAL TERM
Topical term or geographic name entry element World War, 1914-1918
General subdivision Campaigns
Geographic subdivision Cameroon.
9 (RLIN) 49664
650 #0 - SUBJECT ADDED ENTRY--TOPICAL TERM
Topical term or geographic name entry element World War, 1914-1918
General subdivision Campaigns
Geographic subdivision Togo.
9 (RLIN) 49665
942 ## - ADDED ENTRY ELEMENTS (KOHA)
Source of classification or shelving scheme
Koha item type Book
Holdings
Withdrawn status Lost status Source of classification or shelving scheme Damaged status Not for loan Permanent Location Current Location Shelving location Date acquired Total Checkouts Full call number Barcode Date last seen Price effective from Koha item type
          Military College of Engineering (MCE) Military College of Engineering (MCE)   01/15/2015   940.4 MIL MCE-ECM/101 01/15/2015 01/15/2015 Book
© 2023 Central Library, National University of Sciences and Technology. All Rights Reserved.